| 000 | 00628nam a2200217Ia 4500 | ||
|---|---|---|---|
| 003 | GCL | ||
| 008 | 140319s9999 xx 000 0 ara d | ||
| 040 |
_aGCL / _cGCL |
||
| 082 | 0 | 4 |
_a818 _bس ط |
| 100 | 1 | _aسيد صديق عبدالفتاح | |
| 245 | 1 | 0 |
_aطريقك الى السعادة فى الحياة / _cسيد صديق عبدالفتاح |
| 260 |
_a[S.N] : _bالدار المصرية اللبنانية ، _c1990 |
||
| 300 | _a238 ص | ||
| 490 | _a | ||
| 650 | 0 | 4 | _aالسعادة |
| 650 | 0 | 4 | _aالتفاؤل |
| 650 | 0 | 4 | _aالفرح |
| 650 | 0 | 4 | _aالسرور |
| 650 | 0 | 4 | _aالحياة |
| 942 |
_2ddc _cBK |
||
| 999 |
_c53659 _d53659 |
||